| 000 | 00771nam a2200205 a 4500 | ||
|---|---|---|---|
| 003 | 0 | ||
| 005 | 20250522163326.0 | ||
| 008 | 021128s19uu xx 00 eng d | ||
| 050 |
_aPGS PN 1992.77 _b.D326 2001 |
||
| 100 | _ade Jesus, Riza Joy R. | ||
| 245 |
_aPerceptions of teenagers in Cavite on the effects of selected violent TV programs / _cRiza Joy R. de Jesus. |
||
| 260 |
_aLas PiƱas City, Philippines : _bSouthville International School and Colleges, _c2001. |
||
| 300 |
_a27 pages : _bcolored illustrations ; _c28 cm. |
||
| 504 | _aIncludes bibliographical references. | ||
| 650 |
_aTelevision violence _vSocial aspects. |
||
| 650 |
_aTeenagers _vAttitudes. |
||
| 650 |
_aMedia violence _vEffects. |
||
| 650 |
_aYouth _vSocial psychology. |
||
| 942 |
_2lcc _cPASS |
||
| 999 |
_c96496 _d96496 |
||